Personnage de Tower of God - Statistiques

Statistiques générales
  • Ce quiz a été pris 1 221 fois
    1 076 depuis la dernière actualisation
  • Le résultat moyen est 8 sur 20
Statistiques - réponses
Par images Réponse % Correct
Arie Hon
100%
Baylord Paul
100%
Canhong
100%
Cha
100%
Endorsi Jahad
100%
Khun Aguero Agnes
100%
Rachel
100%
Rak Wraithraiser
100%
Po Bidau Gustang
90%
Anak Zahard
89%
Anak Zahard (mère)
89%
Urek Mazino
86%
Ha Yuri Zahard
83%
Khun Ran
83%
White
83%
Deng Deng
80%
Quaetro Blitz
80%
Baylord Doom
78%
Zahard
78%
Hell Joe
75%
Hwa Ryun
75%
Jordan
75%
Kang Horyang
75%
Lero-Ro
75%
Headon
73%
Evankhell
71%
Evan Edroch
70%
Arie Inieta
67%
Arie Vicente
67%
Baylord Yama
67%
Bero Bero
67%
Charlie
67%
Gado
67%
Ha jinsung
67%
Karaka
67%
Khun Marco Asensio
67%
Leviathan
67%
Lo Po Bia Elaine
67%
Lo Po Bia Shilial Zahard
67%
Yeon Yirang
67%
Yu Han Sung
67%
Prince
64%
Beniamino Cassano
63%
Paracule
63%
Grand De Sah
60%
Gyetang
60%
Khel Hellam
60%
Khun Royale Elliot
60%
Lo Po Bia Kirin
60%
Lo Po Bia Lilial Zahard
57%
Sophia Tan
57%
Xia Xia
57%
Yeo Miseng
57%
Apple
50%
Aria
50%
Arie David
50%
Arie Hoaqin
50%
Beta
50%
Boro
50%
Dieu des gardiens
50%
Enryu
50%
Ho
50%
Kallavan
50%
Kell
50%
Khane
50%
Khun Edahn
50%
Lo Po Bia Holan
50%
Lo Po Bia Lefav
50%
Ponsecal Drak
50%
Ponsecal Lauroe
50%
Roen Yuia
50%
Varagav
50%
Edin Dan
44%
Lo po bia Ren
44%
Aka Williams
43%
Arie Anna
43%
Clone
43%
David Hockney
43%
Garam Zahard
43%
Ja Wangnan
43%
Novick
43%
Reflejo
43%
Sachi Faker
43%
Serena Linen
43%
Yeon Ewha
43%
Ha Cheonhee
40%
Hatz
40%
Lo Po Bia Keruru
40%
Lo Po Bia Merr
40%
Lo Po Bia Perseus
40%
Lo Po Bia Traumerei
40%
Lo Po Bia Yasratcha
40%
Po Bidau Michel
40%
Rose
40%
Khun Kiseia
38%
Lo Po Bia Faitz
38%
Amez
33%
Ari Bright Sharon
33%
Chang Blarode
33%
Elpathion
33%
Ha yura
33%
Khun Mascheni Jahad
33%
Lo Po Bia Candidi
33%
Lo Po Bia Sicarius
33%
Michael
33%
Pinnacle
33%
Po Bidau Dumas
33%
Po Bidau Hugo
33%
Po Bidau Lyborick Khun
33%
Shibisu
33%
Sola
33%
Thryssa Rouge
33%
Vespa
33%
Yuliu Mata
33%
Enkidu
30%
Khun Hynd Luch
30%
Lo Po Bia Lobadon
30%
Louie
30%
Augustus
29%
Avril Vert
29%
Khun Hachuling
29%
Namo
29%
Po Bidau Kir
29%
Ron mei
29%
Yeo Goseng
29%
daleet
25%
Khun Devo Ferez
25%
Lo Po Bia Ha Satcha
25%
Lo Po Bia Katan
25%
Po Bidau Erno
25%
Ai
22%
Akryung
22%
Angel
22%
Lo Po Bia Pokoko
22%
Lo Po Bia Wuiwui
22%
Po Bidau Tiara
22%
Batis
20%
Dowon
20%
Grace Mirchea Luslec
20%
Lo Po Bia Pudidy
20%
Love Mule
20%
Mars Noir
20%
McCage
20%
Poro Poe
20%
Grand De Jah
17%
Lo Po Bia Kukuda
17%
Lo Po Bia Laura
17%
Lo Po Bia Zamzam
17%
Taro York
17%
Lo Po Bia Ju
14%
Lo Po Bia Kadede
14%
Lo Po Bia Orari
14%
Lo Po Bia Yool
14%
Po Bidau Bellerir
14%
Lo Po Bia Tump
13%
Lo Po Bia Umtiti
13%
Po Bidau Varane
13%
Lobi
11%
Soo-oh
11%
Po Bidau Guiscard
10%
Akrinak
0%
Baylord Wang Wang
0%
Canzon
0%
Daniel Hatchid
0%
Devy
0%
Garnak
0%
Hon Akraptor
0%
Hong Danhwa
0%
Jaina Repellista Zahard
0%
Kendrick Diel
0%
Lo Po Bia Dokoko
0%
Lo Po Bia Elbaba
0%
Lo Po Bia Goruro
0%
Lo Po Bia Haratcha
0%
Lo Po Bia Keoyeop
0%
Lo Po Bia Meyer
0%
Lo Po Bia Perper
0%
Lo Po Bia Rashut
0%
Lo Po Bia Whitegarment Widow
0%
Lo Po Bia Yorari
0%
Lo Po Bia Yorayo
0%
Medley
0%
Nanatona
0%
Nen Neya
0%
Po Bidau Matte Ha
0%
Po Bidau Nubils
0%
Po Bidau Richemont
0%
Ponsecal Irure
0%
Quint Blitz
0%
Trughe
0%
Yeon Woon
0%
Yolker
0%
Aucun quiz correspondant
Distribution des résultats
% des personnes avec chaque résultat
Percentile par nombre de réponses
Votre historique - résultats
Vous n’avez pas pris ce quiz depuis la dernière actualisation